| 000 | 00557nam a2200169Ia 4500 | ||
|---|---|---|---|
| 999 |
_c16714 _d16714 |
||
| 082 | _aRR 025.04 YEN-M | ||
| 100 | _aYen, Benjamin | ||
| 245 | 0 | _aMaking RFID work: the world largest university library RFID implementation | |
| 260 |
_aHarvard _bAsia Case Research Centre, University of _c2009 |
||
| 300 | _a31 | ||
| 440 | _aPoon Kam Kai Series; HKU866 | ||
| 500 | _aAvailable with Director | ||
| 650 |
_aLibraries _vAutomation |
||
| 650 |
_aAcademic libraries _vAutomation |
||
| 650 | _aRadio Frequency Identification Technology (RFID) | ||
| 942 |
_cBK _2ddc |
||